000 00595nam a22001457a 4500
020 _a978-1-4814-2475-2
082 _a823
_bDIX/H
100 _aDIXON, FRANKLIN W
245 _aHARDY BOYS ADVENTURES - THE CURSE OF THE ANCIENT EMERALD
260 _aNEW YORK
_bALADDIN PAPERBACKS
_c2015
300 _a122
520 _aFrank and Joe must take the shine off a jewel thief who sends ominous riddles in this Hardy Boys adventure. First a priceless painting disappears from the museum; then two ancient samurai swords vanish from a private collection.
650 _aMYSTERY
_zUNITED STATES
942 _cBK
999 _c7824
_d7824